| 000 | 00828nam a22002657a 4500 | ||
|---|---|---|---|
| 001 | 9811 | ||
| 003 | FISKH | ||
| 005 | 20260226145519.0 | ||
| 008 | 260226b cb ||||| |||| 00| 0 eng d | ||
| 020 | _a9781770581807 | ||
| 040 |
_aFISKH _beng _cFISKH _dFISKH |
||
| 050 | _aPZ7 | ||
| 082 | _a372.4 | ||
| 100 |
_aAnonymous _eAuthor |
||
| 245 | _aWhat comes next? / | ||
| 260 |
_aOakville : _bRubicon Publishing Inc. , _c2011 |
||
| 300 |
_a8 pages : _bcolor illustrations ; _c17 cm |
||
| 505 | _aE | ||
| 520 | _aThe pictures in this book show children patterns in their immediate environment. The pattern line at the bottom of the page help them to recognize the pattern. | ||
| 521 | 8 |
_a200
_bLexile estimate |
|
| 521 | 8 |
_aE
_bRaz-Plus |
|
| 650 |
_aPicture book _vMathematics |
||
| 942 |
_2ddc _cBK _n0 |
||
| 999 |
_c9811 _d9811 |
||